|
|
|
|
| LEADER |
01963nam a2200553 i 4500 |
| 001 |
001855651 |
| 003 |
CZ BrMZK |
| 005 |
20230427095153.0 |
| 007 |
ta |
| 008 |
230420s2023 xxua e p 001 0 eng |
| 020 |
|
|
|a 978-0-367-47312-9
|q (brožováno)
|
| 040 |
|
|
|a BOA001
|b cze
|e rda
|
| 044 |
|
|
|a xxu
|a xxk
|
| 072 |
|
7 |
|a 37
|x Výchova a vzdělávání
|2 Konspekt
|9 22
|
| 072 |
|
7 |
|a 37.016
|x Učební osnovy. Vyučovací předměty. Učebnice
|2 Konspekt
|9 22
|
| 080 |
|
|
|a 37.01
|2 MRF
|
| 080 |
|
|
|a 159.953.5
|2 MRF
|
| 080 |
|
|
|a 373.5.011.3-052
|2 MRF
|
| 080 |
|
|
|a 331.54
|2 MRF
|
| 080 |
|
|
|a 37.091.12
|2 MRF
|
| 080 |
|
|
|a 37.091.321
|2 MRF
|
| 080 |
|
|
|a (075)
|2 MRF
|
| 100 |
1 |
|
|a Fraser, James W.,
|d 1944-
|7 mzk2005312736
|4 aut
|
| 245 |
1 |
0 |
|a Teach :
|b a question of teaching /
|c James W. Fraser
|
| 250 |
|
|
|a Third editon
|
| 264 |
|
1 |
|a New York ;
|a and London :
|b Routledge, Taylor & Francis Group,
|c 2023
|
| 300 |
|
|
|a vi, 276 stran :
|b barevné ilustrace ;
|c 28 cm
|
| 336 |
|
|
|a text
|b txt
|2 rdacontent
|
| 337 |
|
|
|a bez média
|b n
|2 rdamedia
|
| 338 |
|
|
|a svazek
|b nc
|2 rdacarrier
|
| 504 |
|
|
|a Obsahuje bibliografické odkazy a rejstřík
|
| 650 |
0 |
7 |
|a výchova a vzdělávání
|7 ph127419
|2 czenas
|
| 650 |
0 |
7 |
|a učení
|7 ph126979
|2 czenas
|
| 650 |
0 |
7 |
|a středoškolští studenti
|7 ph126243
|2 czenas
|
| 650 |
0 |
7 |
|a volba povolání
|7 ph127220
|2 czenas
|
| 650 |
0 |
7 |
|a učitelská profese
|7 ph126981
|2 czenas
|
| 650 |
0 |
7 |
|a pedagogické dovednosti
|7 ph157201
|2 czenas
|
| 650 |
0 |
9 |
|a education
|2 eczenas
|
| 650 |
0 |
9 |
|a learning
|2 eczenas
|
| 650 |
0 |
9 |
|a secondary school students
|2 eczenas
|
| 650 |
0 |
9 |
|a vocational guidance
|2 eczenas
|
| 650 |
0 |
9 |
|a teacher career
|2 eczenas
|
| 650 |
0 |
9 |
|a teaching skills
|2 eczenas
|
| 655 |
|
7 |
|a učebnice
|7 fd133770
|2 czenas
|
| 655 |
|
9 |
|a textbooks
|2 eczenas
|
| 910 |
|
|
|a BOA001
|b 3-1506.759
|
| 990 |
|
|
|a BK
|
| 991 |
|
|
|b 202304
|c NOV
|
| 996 |
7 |
|
|b 2610937066
|c 3-1506.759
|l Vol.výběr
|r VV 0p
|n 2
|p kupz
|h 37 FRA
|w 001922748
|u 000010
|a 0
|e BOA001
|j MZK50
|s A
|